Vybrané kvantitatívne prístupy v lingvistike založené na frekencii jazykových jednotiek

Základné kvantitatívne prístupy, ktoré sa uplatňujú v jazykovede.

Salvato in:
Dettagli Bibliografici
Autore principale: Szabo, Peter
Natura: Capitolo di libro
Lingua:slovacco
Soggetti:
Tags: Aggiungi Tag
Nessun Tag, puoi essere il primo ad aggiungerne!!

MARC

LEADER 00000naa a2200000 4500
001 0186375
005 20220715094031.2
041 0 |a slo 
044 |a SK 
245 1 0 |a Vybrané kvantitatívne prístupy v lingvistike založené na frekencii jazykových jednotiek  |c Peter Szabo 
520 |a Základné kvantitatívne prístupy, ktoré sa uplatňujú v jazykovede. 
610 2 0 |a štatistika 
610 2 0 |a metódy štatistické 
610 2 0 |a jazykoveda 
100 1 |a Szabo, Peter